نابلسيات : (رقم التسجيلة. 36034)
[ عرض عادي ]
| 000 -LEADER | |
|---|---|
| fixed length control field | 00602nam a22001817a 4500 |
| 005 - DATE AND TIME OF LATEST TRANSACTION | |
| control field | 20251108165949.0 |
| 008 - FIXED-LENGTH DATA ELEMENTS--GENERAL INFORMATION | |
| fixed length control field | 250721s1997 xx 000 0 ara d |
| 082 14 - DEWEY DECIMAL CLASSIFICATION NUMBER | |
| Classification number | 398.095643/مصر |
| 100 1# - MAIN ENTRY--PERSONAL NAME | |
| Personal name | المصري، مالك فايز |
| 245 10 - TITLE STATEMENT | |
| Title | نابلسيات : |
| Remainder of title | من بواكير الذكريات و الوجوه و الصور الشعبية / |
| 264 1# - PRODUCTION, PUBLICATION, DISTRIBUTION, MANUFACTURE, AND COPYRIGHT NOTICE | |
| Place of production, publication, distribution, manufacture | نابلس : |
| Name of producer, publisher, distributor, manufacturer | مكتبة النجاح الحديثة، |
| Date of production, publication, distribution, manufacture, or copyright notice | 1997. |
| 300 ## - PHYSICAL DESCRIPTION | |
| Extent | ج |
| 650 17 - SUBJECT ADDED ENTRY--TOPICAL TERM | |
| Topical term or geographic name as entry element | التراث الشعبي |
| 650 17 - SUBJECT ADDED ENTRY--TOPICAL TERM | |
| Topical term or geographic name as entry element | المذكرات الأردنية |
| 650 17 - SUBJECT ADDED ENTRY--TOPICAL TERM | |
| Topical term or geographic name as entry element | نابلس |
| 942 ## - ADDED ENTRY ELEMENTS (KOHA) | |
| Source of classification or shelving scheme | Dewey Decimal Classification |
| Koha item type | كتب |
| حالة السحب | حالة الفقدان | مصدر التصنيف | حالة التلف | غير قابل للإعارة | المكتبة الرئيسية | المكتبة الحالية | موقع الرف | تاريخ التزويد | الرقم المتسلسل | Total Checkouts | رقم الإستدعاء | تاريخ آخر ظهور | تاريخ الفاتورة | نوع المادة (كوها) | الباركود |
|---|---|---|---|---|---|---|---|---|---|---|---|---|---|---|---|
| Dewey Decimal Classification | Unchecked | مكتبة أبو علندا العامة | مكتبة أبو علندا العامة | الإعارة | 06/07/2004 | 2200 | 398.095643/مصر | 28/07/2025 | 06/07/2004 | كتب | |||||
| Dewey Decimal Classification | مكتبة الأميرة ايمان العامة | مكتبة الأميرة ايمان العامة | الإعارة | 18/09/2013 | [11043] | 398.095643/مصر | 28/07/2025 | 18/09/2013 | كتب | PLD00278265 | |||||
| Dewey Decimal Classification | Unchecked | مكتبة الجويدة | مكتبة الجويدة | الإعارة | 06/07/2004 | 6759 | 398.095643/مصر | 28/07/2025 | 06/07/2004 | كتب | |||||
| Dewey Decimal Classification | Unchecked | مكتبة الحسن العامة | مكتبة الحسن العامة | الإعارة | 06/07/2004 | ج1-11407 | 398.095643/مصر | 28/07/2025 | 06/07/2004 | كتب | |||||
| Dewey Decimal Classification | Unchecked | مكتبة الحسن العامة | مكتبة الحسن العامة | الإعارة | 06/07/2004 | 11488 | 398.095643/مصر | 28/07/2025 | 06/07/2004 | كتب | |||||
| Dewey Decimal Classification | مكتبة حمزة العامة | مكتبة حمزة العامة | الإعارة | 30/01/2016 | (6476) | 398.095643/مصر | 28/07/2025 | 30/01/2016 | كتب | PLD00370483 | |||||
| Dewey Decimal Classification | مكتبة حمزة العامة | مكتبة حمزة العامة | الإعارة | 08/03/2016 | [6421] | 398.095643/مصر | 28/07/2025 | 08/03/2016 | كتب | PLD00378522 | |||||
| Dewey Decimal Classification | Unchecked | مكتبة صويلح العامة | مكتبة صويلح العامة | الإعارة | 06/07/2004 | ج1- 14068 | 398.095643/مصر | 28/07/2025 | 06/07/2004 | كتب | |||||
| Dewey Decimal Classification | Unchecked | مكتبة صويلح العامة | مكتبة صويلح العامة | الإعارة | 06/07/2004 | ج2- 14069 | 398.095643/مصر | 28/07/2025 | 06/07/2004 | كتب | |||||
| Dewey Decimal Classification | مكتبة صويلح العامة | مكتبة صويلح العامة | الإعارة | 28/05/2019 | {13982} | 398.095643/مصر | 28/07/2025 | 28/05/2019 | كتب | PLD00453467 |